| 000 | 00615nam a2200193Ia 4500 | ||
|---|---|---|---|
| 003 | GCL | ||
| 008 | 140319s9999 xx 000 0 ara d | ||
| 040 |
_aGCL / _cGCL |
||
| 082 | 0 | 4 |
_a720.288 _bع ت |
| 245 | 1 | 0 | _aترميم وصيانة المباني الاثرية والتاريخية |
| 250 | _aالاولى | ||
| 260 |
_aالرياض : _bوزارة المعارف السعودية ، _c1982 |
||
| 300 |
_a449ص ؛ _c27سم |
||
| 650 | 0 | 4 | _aالاثار الاسلامية |
| 650 | 0 | 4 | _aمصر - الاثار |
| 650 | 0 | 4 | _aالاثار - ترميم |
| 650 | 0 | 4 | _aالاثار - حماية |
| 942 |
_2ddc _cBK |
||
| 999 |
_c7091 _d7091 |
||